000 01204nam a22003257i 4500
999 _c170640
_d170640
005 20190122143445.0
008 181223t20182018nyu |||e |||| 00| 0deng d
020 _a9781478918561
_cRM39.90
_qpaperback
040 _aPPAK
_beng
_cPPAK
_erda
082 0 4 _a823
_223
090 0 0 _a823
_bBOW
_dG
100 1 _aBowen, Kelly,
_eauthor.
245 1 0 _aA Duke in the Night /
_cKELLY BOWEN ; Editor: Alex Logan
250 _aFirst Edition
264 1 _aNew York :
_bForever, Hachette Book Group,
_c2018
264 4 _c©2018
300 _a317 pages ;
_c18 cm
336 _2rdacontent
_atext
337 _2rdamedia
_aunmediated
338 _2rdacarrier
_avolume
490 _aTHE DEVILS OF DOVER SERIES
520 _aWhen disreputable duke and businessman August Faulkner comes back into her life, headmistress Clara Hayward is tempted to pick up where they left off ten years ago, despite worrying that he aims to take over her family's business.
650 1 0 _aEnglish fiction
650 2 0 _aWomen school principals
_vFiction
650 2 0 _aNobility
_vFiction
650 2 0 _aMan-woman relationships
_vFiction
700 1 _aLogan, Alex,
_eeditor.
830 0 _aThe Devils of Dover series
942 _2ddc
_cB